| 000 | 00000nam##2200000za#4500 |
| 001 | 9.569413 |
| 003 | CaOODSP |
| 005 | 20210624181746 |
| 007 | cr ||||||||||| |
| 008 | 150406|2000||||xxc|||||o f|0| 0 eng|d |
| 040 | |aCaOODSP|beng |
| 043 | |an-cn--- |
| 086 | 1 |aNH18-1/45-2000E-PDF |
| 110 | 2 |aCanada Mortgage and Housing Corporation. |
| 245 | 10|aAssessing the full costs of water, liquid waste, energy and solid waste infrastructure in the Fraser Valley Regional District / |h[electronic resource]|cprepared by The Sheltair Group Inc. and The International Centre for Sustainable Cities (Sustainable Cities Foundation). |
| 260 | |aOttawa - Ontario : |bCanada Mortgage and Housing Corporation |c2000. |
| 300 | |a103p.|bfigs., graphs, illus., tables |
| 490 | 1 |aResearch report |
| 500 | |a"The report is organised in two parts: Part 1 provides background information about the FVRD, and presents a methodology specific to the Regional District. Part 2 describes the development of the software tool, and presents results of our application of our application to the FVRD".--Executive summary. |
| 504 | |aBibliography. |
| 590 | |a11-05-Supp|b2011-03-15 |
| 830 | #0|aResearch report (Canada Mortgage and Housing Corporation : Online)|w(CaOODSP)9.506068 |
| 856 | 40|ahttp://publications.gc.ca|qPDF|s1.8 MB|uhttps://publications.gc.ca/collections/collection_2011/schl-cmhc/nh18-1/NH18-1-45-2000-eng.pdf |